Datum a čas kvízu
29
Celkem bodů
Celkový počet nahraných bodů na tomto kvízu bez doplňovacích otázek.
10.
Pořadí na kvízu
Konečné umístění týmu na tomto kvízu.
Zaznamenané odpovědi
| # | Otázka | Odpověď | Body | Výsledky |
|---|---|---|---|---|
| 1. | Jak se jmenuje bývalý karlovar... | Petr Kulhánek | 0 | |
| 2. | Totální chaos, přerušenou dopr... | D) balónek, který uletěl z Oktoberfestu | 1 | |
| 3. | Tvůrci jednoho oblíbeného seri... | Simpsonovi | 0 | |
| 4. | V úterý se stal novým generáln... | z Nizozemska | 0 | |
| 5. | Napište názvy dvou hokejových... | Buffalo Sabres, New Jersey Devils | 0.5 | |
| 6. | Jak se jmenuje stát, který je... | Lesotho | 0 | |
| 7. | Berlínská zeď oddělovala výcho... | 1961 (1960 a 1962 za půl bodu) | 0.5 | |
| 8. | V Pásmu Gazy, jež je v podstat... | A | 0 | |
| 9. | V roce 2015 během jediného dne... | Indie a Bangladéš | 0 | |
| 10. | Jak se jmenují dvě španělská m... | Ceuta a Melilla | 0 |